书目信息 |
| 题名: |
水利工程监理实施应用实务
|
|
| 作者: | 钟传利 , 葛民宪 主编 | |
| 分册: | ||
| 出版信息: | 郑州 黄河水利出版社 2010.01 |
|
| 页数: | 410页 | |
| 开本: | 26cm | |
| 丛书名: | ||
| 单 册: | ||
| 中图分类: | TV512 | |
| 科图分类: | ||
| 主题词: | 水利工程--shui li gong cheng--监督管理 | |
| 电子资源: | ||
| ISBN: | 978-7-80734-762-0 | |
| 000 | 01148nam0 2200253 450 | |
| 001 | 012010587203 | |
| 005 | 20100726104338.56 | |
| 010 | @a978-7-80734-762-0@dCNY59.00 | |
| 100 | @a20100726d2010 em y0chiy0120 ea | |
| 101 | 0 | @achi |
| 102 | @aCN@b410000 | |
| 105 | @aak a 000yy | |
| 106 | @ar | |
| 200 | 1 | @a水利工程监理实施应用实务@Ashui li gong cheng jian li shi shi ying yong shi wu@f钟传利, 葛民宪主编@Fzhong chuan li,ge min xian zhu bian |
| 210 | @a郑州@c黄河水利出版社@d2010.01 | |
| 215 | @a410页@c图@d26cm | |
| 320 | @a有书目 (第409页) | |
| 330 | @a本书共分五篇,二十三章。第一篇为总论,包括监理实施总则、组织机构、人员职责、实施程序;第二篇为质量与安全,包括施工基础技术控制,日常土石方、护坡、灌浆、防渗墙、道路、涵闸、橡胶坝等工程,安全控制监理职责、措施和内容;第三篇为进度和投资;第四篇为合同管理和信息管理;第五篇为其他专业监理实施,包括环境保护、水土保持、金属结构安装、移民迁占监理实施等内容。 | |
| 606 | 0 | @a水利工程@Ashui li gong cheng@x监督管理 |
| 690 | @aTV512@v4 | |
| 701 | 0 | @a钟传利@Azhong chuan li@4主编 |
| 701 | 0 | @a葛民宪@Age min xian@4主编 |
| 801 | 0 | @aCN@bQSSK@c20100726 |
| 905 | @b785760-62@dTV512@eZ726@f3 | |
| 水利工程监理实施应用实务/钟传利, 葛民宪主编.-郑州:黄河水利出版社,2010.01 |
| 410页:图;26cm |
| ISBN 978-7-80734-762-0:CNY59.00 |
| 本书共分五篇,二十三章。第一篇为总论,包括监理实施总则、组织机构、人员职责、实施程序;第二篇为质量与安全,包括施工基础技术控制,日常土石方、护坡、灌浆、防渗墙、道路、涵闸、橡胶坝等工程,安全控制监理职责、措施和内容;第三篇为进度和投资;第四篇为合同管理和信息管理;第五篇为其他专业监理实施,包括环境保护、水土保持、金属结构安装、移民迁占监理实施等内容。 |
| ● |
| 相关链接 |
|
|
|
正题名:水利工程监理实施应用实务
索取号:TV512/Z726
 
预约/预借
| 序号 | 登录号 | 条形码 | 馆藏地/架位号 | 状态 | 备注 |
| 1 | 785760 | 207857602 | 自科库501/501自科库 78排1列5层/ [索取号:TV512/Z726] | 在馆 | |
| 2 | 785761 | 207857611 | 自科库501/501自科库 78排1列5层/ [索取号:TV512/Z726] | 在馆 | |
| 3 | 785762 | 207857620 | 期刊室512/501自科库 78排1列5层/ [索取号:TV512/Z726] | 在馆 |